000 00733nam a22001937a 4500
005 20250108101800.0
010 _aENG-143205
020 _c300.00
_a9789388805223
035 _aEN-126737
037 _bDBAD
082 _a954.33
100 _aMathew, George K.
_976059
245 _aQuality of Mangement Education and its Impact on Skill Development:
_bA Study of Alumni of Management Institute in Kerela State
_cBy George K. Mathew
250 _aFirst
260 _bArchers & Elevators Publishing House
_aBangalore
_c2019
270 _a131 AGB Lay Out, 6"Cross, Hesaraghatta,Main Road
_bBangalore
_e560090
_k9164362263
_marcherselevators@gamail.com
300 _a167p.
_c24cm(pb)
942 _2ddc
_cEN
_h954.33
_mMAT
999 _c208173
_d208173